Sports Quiz

Random Sports or Baseball Quiz

MLB Closest Team Quiz Stats

Quiz Updated Aug 22, 2012

Also try: NFL Closest Team
Challenge
Share
Tweet
* two-way tie (you only need to name one)
Score 0/30 Timer 06:00
21 Plays Today
Team Closest Team % Correct
Astros???
95%
Mets???
90.3%
Angels???
88.5%
Dodgers???
88%
Giants???
87.4%
Yankees???
86.1%
Orioles???
86%
Rangers???
86%
White Sox???
85.9%
Athletics???
85.7%
Rays???
82.7%
Red Sox*???
80%
Nationals???
79.5%
Cubs???
79%
Marlins???
76%
Team Closest Team % Correct
Royals???
74.5%
Reds???
62.5%
Cardinals???
61.5%
Twins???
61%
Tigers???
58.8%
Diamondbacks???
49%
Brewers???
47.3%
Mariners???
46.2%
Pirates???
40.7%
Padres???
30.9%
Rockies???
24.8%
Phillies???
23.4%
Indians???
15.6%
Blue Jays???
15.1%
Braves???
9.7%

You're not logged in!

Compare scores with friends on all Sporcle quizzes.
Sign Up with Email
OR
Log In

You Might Also Like...

Show Comments

Extras

Top Quizzes Today


Score Distribution

Your Account Isn't Verified!

In order to create a playlist on Sporcle, you need to verify the email address you used during registration. Go to your Sporcle Settings to finish the process.